000 00773nam a2200229 a 4500
001 000041427
005 20201002034859.0
008 131003s1988 mx a 000 0 spa d
020 _z9684518864
040 _aDO-SdBNP
_bspa
_cBNPHU
082 _axxx
_bS182m, 1988
100 1 _aSalvatore, Dominick
_968097
240 1 0 _aSchaum's outline of theory and problems of macroeconomic theory.
_leng
245 1 0 _aTeoría y problemas de microeconomía /
_cDominick Salvatore ; traducción Jesús Villamizar Herrera.
246 1 0 _aMicroeconomía
250 _a2a ed.
260 _aMéxico :
_bMcGraw-Hill,
_c1988.
300 _a344 p. :
_bil. ;
_c28 cm.
490 1 _aCompendios Schaum
700 1 _aVillamizar Herrera, Jesús
_etr.
_947622
830 0 _aCompendios Schaum
_968098
999 _c40917
_d40917